=LDR 00000nam 2200000 4500 =001 INLIS000000000037318 =005 20130612143043 =008 ***********************************Ind** =035 ##$$a0010-061300000037318 =041 ##$$a Ind =082 ##$$a 395 =090 ##$$a 395, Uno b =100 ##$$a Uno, Mlen R =245 ##$$a Buku pintar etiket untuk remaja, Kiat sukses memasuki pergaulan modern/Mlen R. Uno: Editor,Siti Greatiani, Elie Mulyadi =260 ##$$a 2009 $b Jakarta =300 ##$$a vii,261 hlm., Ilus., 23 cm =650 ##$$a Etiket ( Pergaulan ) =700 ##$$a Siti Greatiani =850 ##$$a NBPNMAT =990 ##$$a 90754/BPAP-NTB/2014 =990 ##$$a 21195685/BPAP-NTB/2014